Fermentor pre produkciu vinárskych kvasiniek

Na minha lista:
Detalhes bibliográficos
Autor principal: Nováková, Eva (Author)
Outros Autores: Fekete, Roman (Thesis advisor)
Formato: Manuscrito Livro
Idioma:eslovaco
Publicado em: 2021
Assuntos:
Acesso em linha:http://is.stuba.sk/zp/portal_zp.pl?podrobnosti=159459
Tags: Adicionar Tag
Sem tags, seja o primeiro a adicionar uma tag!

MARC

LEADER 00000ntm a22000003a 4500
001 stuzp85955
003 SK-STU
005 20210612214149.2
007 ta
008 150427s2015----xo-----f-mn---000-0-slo-d
040 |a STU  |b slo 
041 0 |a slo 
100 1 |a Nováková, Eva  |u 020040  |k Z4  |4 aut  |U SjF Strojnícka fakulta  |T SjF Ústav procesného inžinierstva  |X 76615  |U J0040  |Y 807  |7 76615 
242 0 1 |a Fermenter for the production of wine yeast  |y eng 
245 1 0 |a Fermentor pre produkciu vinárskych kvasiniek 
260 |c 2021 
650 4 |a scale up  |2 slo 
650 4 |a fermentácia  |2 slo 
650 4 |a bioreaktor  |2 slo 
650 4 |a kvasinky  |2 slo 
650 4 |a návrh bioreaktora  |2 slo 
650 4 |a fermentation  |2 eng 
650 4 |a bioreactor  |2 eng 
650 4 |a yeast  |2 eng 
650 4 |a bioreactor design  |2 eng 
650 4 |a scale up  |2 eng 
700 1 |a Fekete, Roman  |u 020040  |k Z1  |4 ths  |U SjF Strojnícka fakulta  |T SjF Ústav procesného inžinierstva  |X 2370  |U J0040  |Y 807  |7 A000002370 
856 4 |u http://is.stuba.sk/zp/portal_zp.pl?podrobnosti=159459 
996 |b 284J046585  |c J* 3265/DDP  |l JJSK  |s A  |a 24  |w stuzp85955_0001